01465nam a22001937a 4500003000400000005001700004008004100021020001800062040001500080100004500095245008600140250001100226260003600237300001100273490009200284520080700376650004901183700003901232OSt20230712100118.0230705s2015 spa||||| |||| 00| 1 spa d a9789500437110 bspacbesoc1 aCarr, John Dickson, d(1906-1977)eautor14aLos anteojos negros /cJohn Dickson Carr ; traducción de Marta Acosta van Praet a1a ed. aBuenos Aires :bEmecé, c2015 a299 p. aEl séptimo círculo / colección creada por Jorge Luis Borges y Adolfo Bioy Casares aBellegarde ha dejado de ser sinónimo de residencia honorable. Al trascendido de que la joven Marjorie pudiera estar implicada en el crimen de un menor, se suceden una serie de muertes, todas por envenenamiento. Pero la de Marcus Chesney es la más alarmante, ya que ocurre durante un experimento público con el que la víctima pensaba probar lo engañosas que pueden resultar las evidencias... Los anteojos negros somete al lector a una rigurosa lectura que no deja nada librado al azar. "-Parece también -continúo- que junto con su último aliento, Marcus ha demostrado su teoría favorita. Si comprendo bien lo que me dijo el doctor, todos ellos, sin excepción, vieron con sus propios ojos cómo lo envenenaban y, sin embargo, ninguno puede explicar lo que pasó" [Nota del editor]. 4aLiteratura norteamericanavNovelasySiglo XX1 aAcosta va Praet, Marta etraductor